书目信息 |
| 题名: |
数字音频编辑Adobe Audition CS6实例教程
|
|
| 作者: | 石雪飞 , 郭宇刚 编著 | |
| 分册: | ||
| 出版信息: | 北京 电子工业出版社 2013.05 |
|
| 页数: | 222页 | |
| 开本: | 26cm | |
| 丛书名: | ||
| 单 册: | ||
| 中图分类: | J618.9 | |
| 科图分类: | ||
| 主题词: | 音乐软件--教材 , 音乐软件 , Adobe Audition | |
| 电子资源: | ||
| ISBN: | 978-7-121-20011-3 | |
| 000 | 01066nam0 2200301 450 | |
| 001 | 012013076155 | |
| 005 | 20130703104448.78 | |
| 010 | @a978-7-121-20011-3@dCNY39.00(含光盘) | |
| 100 | @a20130523d2013 em y0chiy0110 ea | |
| 101 | 0 | @achi |
| 102 | @aCN@b110000 | |
| 105 | @aak z 000yy | |
| 106 | @ar | |
| 200 | 1 | @a数字音频编辑Adobe Audition CS6实例教程@9shu zi yin pin bian ji adobe audition cs6shi li jiao cheng@f石雪飞,郭宇刚编著 |
| 210 | @a北京@c电子工业出版社@d2013.05 | |
| 215 | @a222页@c图@d26cm@e1光盘 | |
| 300 | @a全国数字媒体动漫游戏专业主干课程标准教材/肖永亮主编 | |
| 307 | @a附光盘:ISBN 978-7-89432-623-2 | |
| 330 | @a本书以Adobe Audition cs6软件为平台,介绍数字音频编辑的基础知识、基本编辑技能和高级处理技术。内容包括了解音频;了解数字音频编辑等。 | |
| 333 | @a相关读者 | |
| 606 | 0 | @a音乐软件@j教材 |
| 606 | 0 | @a音乐软件 |
| 606 | 0 | @aAdobe Audition |
| 690 | @aJ618.9@v5 | |
| 701 | 0 | @a石雪飞@9shi xue fei@4编著 |
| 701 | 0 | @a郭宇刚@9guo yu gang@4编著 |
| 801 | 0 | @aCN@b人天书店@c20130523 |
| 905 | @b547254-57@dJ618.9@e604@f4 | |
| 数字音频编辑Adobe Audition CS6实例教程/石雪飞,郭宇刚编著.-北京:电子工业出版社,2013.05 |
| 222页:图;26cm+1光盘 |
| 全国数字媒体动漫游戏专业主干课程标准教材/肖永亮主编.-使用对象:相关读者 |
| ISBN 978-7-121-20011-3:CNY39.00(含光盘) |
| 本书以Adobe Audition cs6软件为平台,介绍数字音频编辑的基础知识、基本编辑技能和高级处理技术。内容包括了解音频;了解数字音频编辑等。 |
| ● |
| 相关链接 |
|
|
|
|
正题名:数字音频编辑Adobe Audition CS6实例教程
索取号:J618.9/604
 
预约/预借
| 序号 | 登录号 | 条形码 | 馆藏地/架位号 | 状态 | 备注 |
| 1 | 547254 | 205472549 | 第一样本阅览室/ [索取号:J618.9/604] | 在馆 | |
| 2 | 547255 | 205472558 | 第一借阅区/ [索取号:J618.9/604] | 在馆 | |
| 3 | 547256 | 205472567 | 密集书库-美术系/ [索取号:J618.9/604] | 在馆 | |
| 4 | 547257 | 205472576 | 第一借阅区/ [索取号:J618.9/604] | 在馆 |